Gothic architecture 158 plates from the brandons treatise 1847 (Record no. 9429)

000 -LEADER
fixed length control field 00355nam a2200133 4500
003 - CONTROL NUMBER IDENTIFIER
control field OSt
005 - DATE AND TIME OF LATEST TRANSACTION
control field 20210419170644.0
008 - FIXED-LENGTH DATA ELEMENTS--GENERAL INFORMATION
fixed length control field 210419b ||||| |||| 00| 0 eng d
020 ## - INTERNATIONAL STANDARD BOOK NUMBER
International Standard Book Number 9780486460109
082 ## - DEWEY DECIMAL CLASSIFICATION NUMBER
Classification number 726.60944
Item number ARC
100 ## - MAIN ENTRY--PERSONAL NAME
Personal name Brandon raphael and brandon
245 ## - TITLE STATEMENT
Title Gothic architecture 158 plates from the brandons treatise 1847
942 ## - ADDED ENTRY ELEMENTS (KOHA)
Source of classification or shelving scheme
Holdings
Withdrawn status Lost status Source of classification or shelving scheme Damaged status Koha normalized classification for sorting Not for loan Permanent location Current location Date acquired Total Checkouts Full call number Barcode Date last seen Date last borrowed Price effective from Koha item type
        726_609440000000000_ARC   BMS College of Architecture, Design and Planning BMS College of Architecture, Design and Planning 2021-04-19 2 726.60944 ARC AR-UG2261 2025-06-11 2025-06-11 2021-04-19 UG Books
Copyright © 2025, The Librarian, Library and Information Centre, BMSCA D&P, Bengaluru. All Rights Reserved
web counter

Powered by Koha